Počítačové sítě LAN. Průvodce rozsáhlou problematikou pro usnadnění rozhodování při výběru vhodného typu.

Výber vhodných typov počítačových sietí. Pojem lokálnej počítačovej siete (LAN - Local Area Network). Pojem rozprestretej siete (WAN - Wide Area Network). Architektúra sietí, hardware, software. Výhody lokálnych sietí, topológia sietí.

Salvato in:
Dettagli Bibliografici
Autore principale: Špička, V.
Natura: Capitolo di libro
Lingua:ceco
Soggetti:
Tags: Aggiungi Tag
Nessun Tag, puoi essere il primo ad aggiungerne!!

MARC

LEADER 00000naa a2200000 4500
001 r013215
005 20221213081135.5
041 0 |a cze 
044 |a CZ 
245 1 0 |a Počítačové sítě LAN.  |b Průvodce rozsáhlou problematikou pro usnadnění rozhodování při výběru vhodného typu.  |c V. Špička 
520 |a Výber vhodných typov počítačových sietí. Pojem lokálnej počítačovej siete (LAN - Local Area Network). Pojem rozprestretej siete (WAN - Wide Area Network). Architektúra sietí, hardware, software. Výhody lokálnych sietí, topológia sietí. 
610 2 0 |a siete počítačové 
610 2 0 |a LAN 
610 2 0 |a WAN 
610 2 0 |a architektúra 
610 2 0 |a hardvér 
610 2 0 |a softvér 
100 1 |a Špička, V.